000 00600nam a2200205Ii 4500
003 JO-AjNU
008 230606s9999||||xx |||||||||||||| ||und||
020 _a0-14-042038-x
040 _aJO-AjNU
_beng
_erda
_cJO-AjNU
041 _aeng
050 1 4 _aPR1195.M35, 1977
100 3 _aGardner , Helen,
_eauthor
_95478
245 0 4 _aThe Metaphysical Poets
264 3 1 _aAmerica: Penguin Books, 1977
300 _a330p
336 _atext
_btxt
_2rdacontent
337 _aunmediated
_bn
_2rdamedia
338 _avolume
_bnc
_2rdacarrier
650 4 _a English poetry -- Early modern, 1500-1700. 
_95479
999 _aE2831
_c2829
_d2829